[Event "1st Guwahati GM Open 2022"]
[Site "Guwahati"]
[Date "2022.03.18"]
[Round "8.1"]
[White "Delgado Ramirez, Neuris"]
[Black "Das, Sayantan"]
[Result "0-1"]
[WhiteElo "2615"]
[BlackElo "2459"]
[Annotator "TA"]
[PlyCount "61"]
[EventDate "2022.03.15"]
[EventCountry "IND"]
[SourceTitle "playchess.com"]
[Source "ChessBase"]
[SourceQuality "1"]

{[%evp 14,61,21,16,27,8,10,-30,-27,-33,-35,-21,-37,-25,-48,-25,-31,-27,-26,-52,-4,-22,-14,-55,-6,-2,-8,-8,1,3,16,15,14,14,15,0,3,3,4,4,5,0,0,0,0,0,0,0,0,-17]} 1. e4 e6 2. d4 d5 3. Nd2 c5 4. Ngf3 cxd4 5. Nxd4 Nc6 6. Bb5 Bd7 7. Nxc6 bxc6 8. Bd3 Bd6 {C07: French Tarrasch: 3...c5, 4 Ngf3 and 4 exd5 Qxd5.} 9. Qe2 e5 {The modern move.} 10. f4 {Hoping for fxe5.} Nf6 {next ...Bg4 is good for Black. Black has an edge.} 11. fxe5 Bxe5 {...Bg4 is the strong threat.} 12. Nf3 Bg4 $1 {Threatens to win with ...0-0.} ({Don't do} 12... dxe4 13. Bxe4 Qe7 14. Bd3 $14 (14. Nxe5 Qxe5 15. Bf3 Qxe2+ 16. Bxe2 O-O $14)) 13. exd5 {[#]} O-O $1 {White must now prevent ...Re8.} 14. O-O {[#]} ({But not} 14. Qxe5 Re8 15. O-O (15. Bxh7+ $2 Kxh7 16. O-O Rxe5 $19) 15... Rxe5 16. Nxe5 Qxd5 $17) 14... Bd4+ 15. Kh1 $1 {[#]} Qxd5 $146 ({Predecessor:} 15... Re8 16. Qd2 Bxf3 17. gxf3 Qxd5 18. Qg2 Re6 19. c3 Bb6 20. Bc2 Qb5 21. c4 {½-½ (21) Alsina Leal,D (2500)-Le Goff,D (2294) Cattolica 2021}) 16. Qd2 Bb6 (16... Bxf3 $15 17. gxf3 Rfe8) 17. Qg5 Rfe8 18. Qxd5 (18. b3 $11 {might be stronger.}) 18... Nxd5 (18... cxd5 $15 19. Bb5 Bd7 20. Bxd7 Nxd7) 19. Bd2 $11 {The position is equal.} Ne3 20. Rfe1 Bh5 21. h3 {Inhibits Ng4.} Bg6 22. Bxg6 hxg6 23. Bxe3 Bxe3 24. Rad1 Bf2 25. Rxe8+ Rxe8 {[%mdl 4096] Endgame KRB-KRN} 26. g4 Bb6 27. Rd2 f6 28. Kg2 g5 29. c3 Kf7 30. Rd7+ Kg6 {And now ...Re2+ would win.} 31. Rd2 {[%mdl 32768] To avoid Re2+.  Weighted Error Value: White=0.06 (flawless) /Black=0.06 (flawless) . Loss on time!?} 0-1

[Event "1st Guwahati GM Open 2022"]
[Site "Guwahati"]
[Date "2022.03.18"]
[Round "8.2"]
[White "Fawzy, Adham"]
[Black "Ponkratov, Pavel"]
[Result "1/2-1/2"]
[WhiteElo "2476"]
[BlackElo "2641"]
[Annotator "TA"]
[PlyCount "60"]
[EventDate "2022.03.15"]
[EventCountry "IND"]
[SourceTitle "playchess.com"]
[Source "ChessBase"]
[SourceQuality "1"]

{[%evp 15,60,0,0,0,0,0,0,0,7,-35,-62,-57,-49,-70,-37,-25,-30,-27,-23,-22,0,0,-10,0,0,0,0,0,0,0,80,72,58,-5,-5,-5,-5,-5,-5,-5,30,-5,-3,-5,-5,-10,-10]} 1. e4 c6 2. d4 d5 3. exd5 cxd5 4. c4 Nf6 5. Nc3 g6 6. Qb3 Bg7 7. cxd5 O-O 8. g3 e6 {[%cal Rf6d5]} 9. Bg5 {B14: Caro-Kann: Panov-Botvinnik Attack with 5...e6 and 5...g6.} exd5 10. Bg2 Re8+ 11. Nge2 Bg4 {[#]} 12. f3 $146 (12. Qxb7 $11 {should be considered.} Nbd7 13. Qa6 (13. Bxd5 $2 Rb8 $19)) ({Predecessor:} 12. Bxd5 Rxe2+ 13. Kf1 Nc6 14. Bxc6 bxc6 15. Nxe2 Rb8 16. Bxf6 Bxf6 17. Qc2 Qd5 18. Kg1 {1-0 (28) Ancuta,A (1941)-Grabianowski,K (1879) Poznan 2012}) 12... Bf5 $15 13. O-O $1 Nc6 14. Qxb7 Na5 15. Bxf6 Qxf6 16. Qxd5 Qa6 17. b4 $1 {[%cal Bb2b4,Bb4b5][%mdl 32]} Nc4 {[%mdl 1024] [#] And now ...Bd3 would win. Black has compensation.} (17... Bd3 $5 {[%cal Rd3e2]} 18. Qxa5 (18. bxa5 Rad8 $15) 18... Bxe2 19. Nxe2 Qxe2 $15) 18. b5 $1 Qc8 19. f4 Rb8 {Strongly threatening ...Ne3.} 20. Qc6 Ne3 {...Qd8 is the strong threat.} 21. Qxc8 Rbxc8 22. Bc6 $1 Nxf1 (22... Red8 $11 {remains equal.}) 23. Bxe8 $16 Nxg3 24. Bc6 ({White should play} 24. hxg3 $14 Rxe8 25. Kf2) 24... Nxe2+ $11 25. Nxe2 Bg4 {This bishop pair is nice.} 26. Kf2 Bxe2 27. Kxe2 Rd8 28. Rd1 (28. a4 $5 {[%cal Ra4a5]}) 28... Rxd4 {The position is equal.} 29. Rxd4 Bxd4 30. h3 Bb6 {Weighted Error Value: White=0.09 (flawless) /Black=0.12 (very precise)} 1/2-1/2

[Event "1st Guwahati GM Open 2022"]
[Site "Guwahati"]
[Date "2022.03.18"]
[Round "8.3"]
[White "Deepan Chakkravarthy J."]
[Black "Krishna C R G"]
[Result "0-1"]
[WhiteElo "2520"]
[BlackElo "2466"]
[Annotator "TA"]
[PlyCount "171"]
[EventDate "2022.03.15"]
[EventCountry "IND"]
[SourceTitle "playchess.com"]
[Source "ChessBase"]
[SourceQuality "1"]

{[%evp 15,171,6,11,-15,0,0,0,12,12,13,37,23,50,44,63,61,77,75,78,65,107,110,104,107,112,102,109,109,136,140,144,147,185,180,172,138,143,60,63,48,53,47,65,58,79,56,65,51,63,50,61,49,86,72,64,71,62,39,72,20,58,0,0,0,0,0,0,-10,0,0,25,40,527,499,444,471,456,456,644,247,422,431,388,377,372,0,0,0,0,0,0,0,209,-568,-568,-568,-568,-568,-567,-548,-485,-546,-508,-356,-353,-557,-535,-709,-666,-1057,-1050,-912,-619,-539,-541,-502,0,-519,-512,-480,-403,-29966,-448,-448,0,-4016,-448,-448,-434,-441,-428,-414,-380,-441,-441,-766,-759,-752,-724,-704,-696,-650,-632,-29969,-1444,-1432,-1421,-1373,-1384,-1351,-1344,-29971,-29970,-29975,-29976,-29975,-29976,-29977]} 1. e4 e6 2. d4 d5 3. Nc3 Bb4 4. e5 c5 5. a3 Bxc3+ 6. bxc3 Qa5 7. Bd2 Qa4 8. Qg4 Kf8 9. h4 {C18: French: 3 Nc3 Bb4: Main line: 7 h4 and 7 Qg4.} Nc6 10. Nf3 Nge7 11. h5 {The position is equal.} h6 $1 12. Ra2 Bd7 13. Bd3 c4 14. Be2 {[#]} Nc8 $146 ({Predecessor:} 14... Nf5 15. Qh3 Qb5 16. O-O Qa4 17. g4 Nfe7 18. Nh4 Ke8 19. f4 Kd8 20. f5 Kc7 {1-0 (38) Ricardi,P (2532)-Koganov,M Dos Hermanas 2003}) 15. Nh4 Qb5 16. O-O Qa5 17. a4 Rg8 (17... N8e7 $14) 18. Rb1 $16 Rb8 19. Rb5 Qd8 20. Bc1 N6e7 21. Rb1 a5 22. Ba3 Ke8 23. f4 Qc7 24. Qh3 Qc6 25. g4 Qxa4 26. Rbb2 (26. Qg3 $16) 26... Qc6 $14 27. Bxe7 (27. Ra1 {with more complications.} b6 28. Qg3 Rb7 29. Bf3 Kd8 30. Rab1) 27... Nxe7 28. Rxa5 Qc7 29. Ra1 b5 30. Qe3 Qd8 31. Ng2 Nc8 32. Kf2 {[%cal Bg1f2,Bf2e1,Be1d2][%mdl 32]} Nb6 33. Ke1 Na4 34. Rb4 Ra8 35. Kd2 Qe7 36. f5 Kd8 37. Rf1 (37. Nf4 $16) 37... Nb6 $11 38. f6 (38. fxe6 $14 fxe6 39. Nf4) 38... gxf6 39. exf6 Qf8 40. Qf4 Kc8 41. Rfb1 Kb7 42. Nh4 {[%cal Bg2h4,Bh4f3,Bf3e5][%mdl 32]} Ra3 43. Nf3 $1 Na4 $2 {[%mdl 8192]} ({Black should play} 43... Ra5 $14) 44. Ne5 $18 Qd6 {[#]} 45. Rxa4 {[%mdl 512]} Rxa4 46. Qxh6 Be8 (46... Kc7 $142 47. Nxf7 Qg3) 47. Qe3 $2 (47. Qh7 Rf8 48. g5) 47... Kc7 $2 (47... Qa6 {was called for.} 48. Bf3 Qd6) 48. g5 b4 49. g6 fxg6 50. f7 $2 ({White should try} 50. Qg5 $18) 50... Bxf7 $1 $11 51. Nxf7 bxc3+ 52. Ke1 Qh2 {The board is on fire.} 53. h6 Qh4+ $2 {[#]} (53... Rb8 $11 {and Black stays safe.} 54. Rxb8 Ra1+ 55. Bd1 Qh1+ 56. Kf2 Kxb8 57. Qxe6 Qxd1 58. Qd6+ Kb7 59. Qxd5+ Kb8 60. Qd8+ Kb7 61. Qe7+ Kb8 62. Qe8+ Ka7 63. Qe7+ (63. Qd7+ Kb8 $11) 63... Kb8 64. Qf8+ Kc7 65. Qe7+ Kb8) 54. Qf2 $4 {[%mdl 8192]} (54. Kf1 $1 $18 {was the only winning move. White threatens Qe5+ and mate.} Qh1+ 55. Qg1 Qh3+ 56. Qg2) 54... Qxf2+ $19 55. Kxf2 Rf8 56. Kg3 Rxf7 {[%mdl 4096] Endgame KRR-KRB} 57. Bg4 g5 58. Bxe6 Rh7 59. Bxd5 {Hoping for Rb7+.} Rxh6 60. Be4 (60. Rb7+ {was forced.} Kc8 61. Rb5) 60... Rh4 61. Kf3 Ra6 {aiming for ...Rf6+.} 62. Rb4 Rf6+ 63. Ke3 Rh3+ 64. Ke2 Rh2+ 65. Ke3 Rh3+ 66. Ke2 Rf4 67. Rxc4+ Kd6 68. Bd3 (68. Ba8 $19) 68... Rh2+ (68... g4 $142 69. Rc8 Rff3 70. Rxc3 Rh2+ 71. Ke1 g3 72. Rb3 g2 73. Rb6+ Kd5 74. Rg6 Rf4 75. Rg8 Rh1+ 76. Kd2 g1=Q 77. Rxg1 Rxg1 78. Ke3 Rh4 79. Kf2 Rg8 80. c3 Rh2+ 81. Ke3 Rh3+ 82. Kd2 Rg2+ 83. Be2 Rgh2 84. Ke1 Rxc3 85. Kd1 Kxd4 86. Kd2 Re3 87. Ke1 Rexe2+ 88. Kd1 Re8 89. Kc1 Re1#) 69. Ke3 Rh3+ (69... Rh8 $142 70. Rxc3 Re8+ 71. Kd2 Rf2+ 72. Kc1 Re3) 70. Ke2 Rh8 (70... g4 $142 71. Rc8 Rff3 72. Rxc3 Rh2+ 73. Ke1 g3) 71. Rxc3 Re8+ 72. Kd2 Rxd4 {...g4 is the strong threat.} 73. Ra3 Ke5 74. Ke3 Rf4 {Threatens to win with ...Kf6+.} 75. Ra6 (75. Bb5 $142 Re7 76. Ra5) 75... Re6 76. Ra8 Kf6+ 77. Kd2 g4 78. Rg8 Re5 79. Be2 Rg5 (79... Kf7 $142 80. Rxg4 {[#]} Rxe2+ $1 {[%mdl 512]} 81. Kxe2 Rxg4 82. Ke3 Ke6 83. Ke2 Rc4 84. Kd2 Kd5 85. Kd3 Rc6 86. Ke2 Rxc2+ 87. Kf3 Rc4 88. Ke3 Rd4 89. Kf3 Kc4 90. Ke3 Kc3 91. Kf2 Rd3 92. Kg2 Kc2 93. Kh2 Kd2 94. Kh1 Ke3 95. Kg2 Ke2 96. Kh1 Kf2 97. Kh2 Rc3 98. Kh1 Rh3#) 80. Rf8+ Ke5 81. Re8+ Kd6 {White must now prevent ...g3.} 82. Ke3 Rf6 {( -> ...g3)} 83. Rd8+ Ke7 {Black mates.} 84. Rd2 g3 85. Bf3 Re5+ 86. Kd4 {Weighted Error Value: White=0.37/Black=0.35} 0-1

[Event "1st Guwahati GM Open 2022"]
[Site "Guwahati"]
[Date "2022.03.18"]
[Round "8.4"]
[White "Mirzoev, Azer"]
[Black "Sidhant, Mohapatra"]
[Result "1-0"]
[WhiteElo "2468"]
[BlackElo "2359"]
[Annotator "TA"]
[PlyCount "85"]
[EventDate "2022.03.15"]
[EventCountry "IND"]
[SourceTitle "playchess.com"]
[Source "ChessBase"]
[SourceQuality "1"]

{[%evp 10,85,20,10,28,23,21,0,25,22,22,23,35,15,16,12,24,10,25,16,8,8,6,16,9,15,7,16,21,13,16,9,14,10,11,10,22,0,21,17,54,9,19,21,14,27,37,41,48,23,27,29,51,28,77,14,41,35,29,29,348,348,328,316,276,41,160,0,0,0,131,0,0,0,176,176,331,0]} 1. d4 d5 2. Nf3 Nf6 3. c4 e6 4. Nc3 c6 5. Qb3 Nbd7 6. Bf4 Be7 {D43: Semi-Slav: 5 Bg5 h6.} 7. e3 O-O 8. h3 b6 {The position is equal.} 9. cxd5 Nxd5 10. Nxd5 exd5 11. Be2 (11. Bd3 $5 {[%cal Rb3c2]}) 11... Bb7 12. O-O c5 13. dxc5 Nxc5 14. Qd1 Bf6 15. Nd4 Ne6 {[#]} 16. Nxe6 $146 ({Predecessor:} 16. Bg3 Nxd4 17. exd4 Re8 18. Bd3 g6 19. Qd2 Qd7 20. Qf4 Kg7 21. Rac1 Rac8 22. b3 {½-½ (32) Kostic,M (2304)-Mikicic,D (2197) Belgrade 2008}) 16... fxe6 17. Qb3 Rc8 18. Rac1 Qd7 {Inhibits Qa4.} 19. Bb5 Qe7 20. Bg3 Rc5 21. Rxc5 bxc5 22. Qa3 $1 a6 23. Be2 Rd8 24. b3 d4 25. exd4 (25. Qa5 $14) 25... cxd4 $11 26. Qxe7 Bxe7 27. Rc1 {And now Rc7 would win.} Rc8 28. Rxc8+ Bxc8 $14 {[%mdl 4096] Endgame KBB-KBB} 29. Be5 Bf6 30. f4 Kf7 31. Kf2 g5 (31... Bxe5 $11 32. fxe5 a5) 32. Bh5+ ({White should play} 32. g3 $1 $16) 32... Kg7 33. g3 {[%cal Bg2g3,Bg3f4,Bf4e5][%mdl 32]} gxf4 $1 34. gxf4 Bxe5 $4 {[%mdl 8192]} (34... Kh6 $1 $11 35. Bxf6 Kxh5) 35. fxe5 {KB-KB} a5 36. h4 $1 Kf8 37. Kf3 $2 (37. Ke2 $18) 37... Bb7+ {[#]} 38. Kf4 $2 (38. Ke2 $1 $16 {[%cal Re2d3]}) 38... Ke7 $11 39. Bf3 Ba6 {[#]} (39... Bd5 $11) 40. Kg5 ({White should try} 40. Bc6 $1 $16) 40... Bd3 41. Kf4 {Threatens to win with Be4.} Bb1 (41... Ba6 $11) 42. a3 $18 {Hoping for Be4.} Kd7 $2 (42... h6) 43. Be2 $2 {[%mdl 32768] Weighted Error Value: White=0.27 (precise) /Black=0.42. Loss on time!?} (43. Be4 $18 d3 44. Ke3) 1-0

[Event "1st Guwahati GM Open 2022"]
[Site "Guwahati"]
[Date "2022.03.18"]
[Round "8.5"]
[White "Tahbaz, Arash"]
[Black "Nitin, S.."]
[Result "1/2-1/2"]
[WhiteElo "2469"]
[BlackElo "2427"]
[Annotator "TA"]
[PlyCount "61"]
[EventDate "2022.03.15"]
[EventCountry "IND"]
[SourceTitle "playchess.com"]
[Source "ChessBase"]
[SourceQuality "1"]

{[%evp 12,61,29,35,32,21,26,35,25,15,13,21,34,0,0,0,0,0,3,0,16,21,19,0,21,0,2,0,41,33,39,45,46,41,50,42,53,0,0,0,0,0,0,0,0,0,34,0,0,-35,0,0]} 1. Nf3 Nf6 2. g3 g6 3. b3 Bg7 4. Bb2 d6 5. d4 O-O 6. Bg2 a5 7. O-O a4 {A49: 1 d4 Nf6 2 Nf3 g6 3 g3: Anti-King's Indian systems.} 8. c4 c6 9. Nc3 axb3 {White is slightly better.} 10. axb3 Rxa1 11. Qxa1 Na6 {[#]} 12. e4 $146 ({Predecessor:} 12. Rd1 Bf5 13. Nd2 Qc8 14. Qa5 Bh3 15. b4 Bxg2 16. Kxg2 Nd7 17. b5 Nc7 18. Nf3 {½-½ (31) Xiang,Z (2411)-Malakhov,V (2689) China 2018}) 12... Bg4 13. h3 Bxf3 14. Bxf3 e5 15. Na4 {[%cal Bc3a4,Ba4b2,Bb2d3][%mdl 32]} Nd7 16. Rd1 Qe7 17. Bg2 Rd8 18. Bc3 Rb8 19. d5 c5 (19... cxd5 $11 20. Rxd5 (20. exd5 f5 $11) 20... Nc7) 20. Nb2 Nc7 21. Nd3 Ra8 22. Qb2 b5 23. Ra1 Qd8 24. Ba5 {Prevents Nb6.} (24. Qc1 $14) 24... b4 $11 25. Bxc7 {A strong pair of Bishops.} Rxa1+ 26. Qxa1 Qxc7 27. Qa8+ Bf8 28. f4 Qb8 29. Qa4 Qc7 30. Kh2 Qd8 31. fxe5 {Weighted Error Value: White=0.10 (very precise) /Black=0.07 (flawless)} 1/2-1/2

[Event "1st Guwahati GM Open 2022"]
[Site "Guwahati"]
[Date "2022.03.18"]
[Round "8.6"]
[White "Gholami Orimi, Mahdi"]
[Black "Rios, Cristhian Camilo"]
[Result "1/2-1/2"]
[WhiteElo "2420"]
[BlackElo "2449"]
[Annotator "TA"]
[PlyCount "63"]
[EventDate "2022.03.15"]
[EventCountry "IND"]
[SourceTitle "playchess.com"]
[Source "ChessBase"]
[SourceQuality "1"]

{[%evp 15,63,39,35,19,35,33,35,41,45,37,75,66,72,72,89,89,93,85,112,82,93,93,93,93,103,84,84,84,104,104,118,105,108,96,140,145,141,135,148,129,166,149,166,166,166,0,132,137,137,0]} 1. d4 d5 2. c4 e6 3. Nf3 Nf6 4. g3 Bb4+ 5. Nbd2 dxc4 6. Bg2 O-O 7. Qc2 Nc6 8. Qxc4 Qd5 {8...Bd6 is not played anymore.} 9. O-O {E04: Open Catalan: 5 Nf3.} Bxd2 10. Qxd5 exd5 11. Bxd2 {White is slightly better.} Re8 12. e3 Bg4 13. Rfc1 {[%cal Of3e5]} Ne4 14. Be1 {[%cal Of3e5]} Bxf3 15. Bxf3 {[%cal Bg2f3,Bf3d1,Bd1b3][%mdl 32] [#]} f5 $146 ({Predecessor:} 15... Rac8 16. b4 f5 17. b5 Nd8 18. Bd1 Ne6 19. Bb3 Rcd8 20. h4 g6 21. Kg2 Kf7 {1-0 (61) Kozionov,K (2444)-Kazakovskiy,V (2328) Kirishi 2016}) 16. Bd1 Re7 17. b4 {[%cal Bb2b4,Bb4b5][%mdl 32]} Nd8 18. Bb3 Rd7 19. b5 Ne6 20. h4 g6 21. a4 {[%cal Ba2a4,Ba4a5,Ba5a6][%mdl 32]} h6 22. a5 Kf7 23. Ba4 {[%cal Ob5b6]} Rdd8 24. a6 b6 (24... Rab8 $142) 25. Bb3 $16 Nf6 26. Rc6 Rd7 27. Rac1 Rc8 28. f3 Nd8 29. R6c2 Ne6 30. Rc6 Nd8 $1 {[#]} 31. R6c3 {White is more active.} Ne6 32. Rc6 {Weighted Error Value: White=0.13 (very precise) /Black=0.11 (very precise)} (32. Bd2 $16) 1/2-1/2

[Event "1st Guwahati GM Open 2022"]
[Site "Guwahati"]
[Date "2022.03.18"]
[Round "8.7"]
[White "Nigmatov, Ortik"]
[Black "Saptarshi, Roy"]
[Result "0-1"]
[WhiteElo "2445"]
[BlackElo "2402"]
[Annotator "TA"]
[PlyCount "86"]
[EventDate "2022.03.15"]
[EventCountry "IND"]
[SourceTitle "playchess.com"]
[Source "ChessBase"]
[SourceQuality "1"]

{[%evp 13,86,34,43,40,46,25,27,26,24,25,44,35,43,39,41,29,31,27,34,45,43,35,44,44,44,43,46,22,20,17,15,15,17,14,21,14,22,14,24,8,37,0,0,0,0,0,0,-56,-45,-60,-53,-104,0,0,-1,0,34,17,408,341,291,237,229,37,23,0,0,0,0,-496,0,0,0,-29998,-29999]} 1. e4 e5 2. Nf3 Nc6 3. Bc4 Nf6 4. d3 Be7 5. O-O O-O 6. Re1 d6 7. a4 Kh8 8. a5 {C55: Two Knights: 4 d3, 4 d4 exd4 5 e5 and Max Lange Attack.} a6 9. Nc3 {now supersedes 9.c3.} Bg4 10. h3 {White has an edge.} Bh5 11. Nd5 {[#]} Bxf3 $146 ({Predecessor:} 11... Nxd5 12. Bxd5 Nxa5 13. g4 Bg6 14. h4 h6 15. h5 Bh7 16. Kh2 Nc6 17. c3 Qd7 {½-½ (76) Popovic,D (2548)-Pap,M (2504) Kragujevac 2012}) 12. Qxf3 Nd4 {[%csl LRc2,LRf3]} 13. Qd1 Nxd5 14. Bxd5 c6 15. Bc4 Bg5 16. Bxg5 Qxg5 17. c3 Ne6 18. Bxe6 fxe6 19. Qb3 {[%csl LRb7,LRe6]} Qe7 20. d4 exd4 21. cxd4 Rf4 22. Re2 Raf8 23. Ra3 R8f7 24. Qe3 Qf8 25. Rb3 h5 26. Qg3 Qe7 27. f3 g5 28. Ree3 {[%cal Od4d5]} g4 29. hxg4 (29. fxg4 $2 Rf1+ 30. Kh2 h4 $19) 29... hxg4 30. Kf2 (30. d5 $11) 30... e5 $15 31. dxe5 Qxe5 32. Re1 (32. Qh4+ $15 Kg8 33. Qd8+ Kh7 34. Qh4+ Kg7 35. Kg1) 32... Rh7 {Chess con chili.} ({Don't play} 32... Qxa5 $6 33. Rh1+ Kg8 34. Qh4 Qc5+ 35. Kf1 $11 (35. Kg3 $2 Qe5 $19)) (32... Kg8 $17 {Threatens to win with ...Rg7.} 33. Kg1 Qxa5) 33. Ke2 $11 d5 34. Kd1 ({Much worse is} 34. Rd1 Kg8 35. Kd2 Rg7 $17) 34... d4 35. fxg4 {[#] And now Rf3 would win.} Qg5 $2 {[%mdl 8192]} (35... Rhf7 $1 $11) 36. Rf3 $18 Rxf3 (36... Rxg4 $2 37. Qb8+ Qg8 38. Rf8 $18) 37. gxf3 {[%mdl 4096] Endgame KQR-KQR} ({Weaker is} 37. Qb8+ Qg8 38. Qxg8+ Kxg8 $16) 37... Qc5 38. Qf2 $2 (38. Qb8+ $18 Kg7 39. Qxb7+ Kg6 40. Qb3) 38... Qc4 $1 $14 (38... Qb4 $2 39. Qd2 Qb3+ 40. Kc1 Qxf3 41. Qxd4+ Kg8 42. g5 $16) 39. Qc2 Qa2 40. b4 Qa1+ 41. Kd2 $2 {[%mdl 8192]} (41. Qc1 $1 $11 {and White is okay.} Qa2 42. Qd2 Qa4+ 43. Kc1 Qa1+ 44. Kc2 Qa2+ 45. Kd1 Qa4+ 46. Kc1 Qa1+ 47. Kc2 Qa2+ 48. Kd1) 41... Rh2+ $2 (41... Qa3 $19 {( -> ...Rh2+)} 42. Kd1 Qxf3+ 43. Qe2 Qb3+ 44. Qc2 Qxb4) 42. Re2 $11 Rh1 {[%cal Oh1d1]} 43. e5 $2 {[%mdl 8192] [#]} (43. Kd3 $11 Rd1+ 44. Rd2) 43... Rd1+ $1 {[%mdl 576] Deflection.  Weighted Error Value: White=0.53/Black=0.35} 0-1

[Event "1st Guwahati GM Open 2022"]
[Site "Guwahati"]
[Date "2022.03.18"]
[Round "8.8"]
[White "Shyaamnikhil P"]
[Black "Ratnakaran, K.."]
[Result "1/2-1/2"]
[WhiteElo "2442"]
[BlackElo "2316"]
[Annotator "TA"]
[PlyCount "70"]
[EventDate "2022.03.15"]
[EventCountry "IND"]
[SourceTitle "playchess.com"]
[Source "ChessBase"]
[SourceQuality "1"]

{[%evp 14,70,5,0,0,-7,-18,-20,0,0,0,-8,-10,-16,-15,-17,-16,-16,-8,-33,-42,-47,-2,-20,0,-12,-14,-11,-12,-11,22,23,34,34,36,12,12,0,18,16,15,14,19,4,7,0,18,3,10,12,1,0,0,0,0,0,0,0,0]} 1. Nf3 Nf6 2. g3 c5 3. Bg2 Nc6 4. O-O e5 5. e4 d6 6. d3 Be7 7. Nbd2 O-O 8. c3 b5 {[%cal Bb7b5,Bb5b4][%mdl 32] B50: Sicilian: 2...d6, Miscellaneous.} 9. a4 b4 10. Nc4 {[#]} Ba6 $146 ({Predecessor:} 10... Rb8 11. Ne3 bxc3 12. bxc3 Na5 13. Nd2 Be6 14. f4 exf4 15. gxf4 Re8 16. Kh1 Bf8 {½-½ (40) Blanco Gramajo,C (2531)-Povchanic,D (2529) ICCF email 2010}) 11. Nfd2 Rb8 12. Qe2 Re8 13. Ne3 bxc3 14. bxc3 Na5 15. c4 Bc8 16. Ba3 Bd7 17. Qd1 Bc6 (17... Nc6 $15) 18. Bh3 Bf8 19. Qc2 Re7 20. Bb2 Reb7 21. Bc3 Bd7 22. Bxd7 Nxd7 23. Rfb1 Nc6 24. Rxb7 Rxb7 {The position is equal.} 25. Rb1 Rxb1+ 26. Qxb1 Qc8 27. Nd5 Be7 28. Nf1 {[%cal Bd2f1,Bf1e3,Be3g4,Bg4f2][%mdl 32]} Bd8 29. Nfe3 {aiming for Nf5.} g6 {Prevents Nf5.} 30. Kg2 Nf8 31. f4 {[%cal Bf2f4,Bf4f5][%mdl 32]} Ne6 32. f5 Ned4 33. Bxd4 exd4 34. Ng4 h5 35. Nf2 Kg7 {Weighted Error Value: White=0.05 (flawless) /Black=0.05 (flawless)} 1/2-1/2

[Event "1st Guwahati GM Open 2022"]
[Site "Guwahati"]
[Date "2022.03.18"]
[Round "8.9"]
[White "Kaustuv, Kundu"]
[Black "Stany, G.A."]
[Result "1/2-1/2"]
[WhiteElo "2308"]
[BlackElo "2517"]
[Annotator "TA"]
[PlyCount "64"]
[EventDate "2022.03.15"]
[EventCountry "IND"]
[SourceTitle "playchess.com"]
[Source "ChessBase"]
[SourceQuality "1"]

{[%evp 9,64,-15,0,-6,12,4,11,0,6,-11,-6,-19,-23,-27,-23,-25,-25,-38,-20,-18,-17,-30,-9,-34,-7,-31,-27,-30,-22,-13,-22,-31,-30,-25,-32,-35,-13,-18,-13,-15,-15,-20,-8,-20,-4,-4,-5,-5,-5,-5,-4,-5,-5,-6,-6,-6,-6]} 1. Nf3 d5 2. g3 g6 3. Bg2 Bg7 4. O-O Nf6 {[%cal Bg8f6,Bf6e4,Be4d6,Bd6b5,Bb5c7,Bc7a6,Ba6b4][%mdl 32]} 5. b3 Ne4 6. c3 {A07: Réti Opening: New York and Capablanca Systems.} c5 7. Bb2 Nc6 8. d3 Nd6 9. Nbd2 O-O 10. e4 Nb5 11. Rc1 d4 12. cxd4 {[#]} cxd4 $146 ({Predecessor:} 12... Nbxd4 13. Nxd4 Bxd4 14. Bxd4 Qxd4 15. Nf3 Qd6 16. Qd2 Bg4 17. e5 Nxe5 18. Nxe5 Qxe5 19. Bxb7 {1-0 (37) Pantsulaia,L (2553)-Erdos,V (2618) Chess.com INT 2020}) 13. Nb1 a5 14. a4 Nc7 15. Nbd2 Na6 16. Nc4 Nab4 17. Qd2 Rb8 18. Ba3 b5 (18... e5 {looks sharper.} 19. Ne1 b5 20. axb5 Rxb5 21. Ra1 Re8) 19. axb5 Rxb5 20. Bxb4 Nxb4 21. Ra1 Nc6 22. Ra3 Be6 23. Rfa1 {The position is equal.} Qb8 24. Nxa5 Nxa5 25. Rxa5 Rxb3 26. h3 Rb2 27. Qe1 h6 28. e5 Rb5 29. Rxb5 Qxb5 30. Nxd4 Qxe5 31. Qxe5 Bxe5 32. Nxe6 Bxa1 {A balanced but interesting game.  Weighted Error Value: White=0.06 (flawless) /Black=0.07 (flawless)} 1/2-1/2